Statistics for ACC Mens Basketball All-time Wins

Click here to take the quiz!

General Stats

  • This quiz has been taken 38 times
  • The average score is 12 of 17

Answer Stats

All-time winsTeams% Correct
1505Duke
100%
1557North Carolina
100%
1181NC State
88%
1047Virginia
78%
1060Wake Forest
78%
473Florida St
75%
97Notre Dame
75%
1119Maryland
72%
956Clemson
69%
653Georgia Tech
69%
230Virginia Tech
69%
88Syracuse
66%
268Miami, FL
63%
225South Carolina
56%
183Boston College
53%
75Louisville
50%
82Pittsburgh
50%

Score Distribution

Percentile by Number Answered

Percent of People with Each Score

Your Score History

You have not taken this quiz